An autobiography or the story of my experiments with truth / (Record no. 131068)
[ view plain ]
| 000 -LEADER | |
|---|---|
| fixed length control field | 00795nam a22002537a 4500 |
| 005 - DATE AND TIME OF LATEST TRANSACTION | |
| control field | 20170124110122.0 |
| 010 ## - LIBRARY OF CONGRESS CONTROL NUMBER | |
| LC control number | 396910 |
| 020 ## - INTERNATIONAL STANDARD BOOK NUMBER | |
| Terms of availability | 00.00 |
| 035 ## - SYSTEM CONTROL NUMBER | |
| System control number | 396910 |
| 037 ## - SOURCE OF ACQUISITION | |
| Source of stock number/acquisition | Cen Lib/Ret |
| 040 ## - CATALOGING SOURCE | |
| Original cataloging agency | DPL |
| Language of cataloging | EN |
| 082 ## - DEWEY DECIMAL CLASSIFICATION NUMBER | |
| Classification number | 921 |
| Item number | GAN |
| 100 ## - MAIN ENTRY--PERSONAL NAME | |
| Personal name | Gandhi, M. K. |
| 9 (RLIN) | 18536 |
| 245 ## - TITLE STATEMENT | |
| Title | An autobiography or the story of my experiments with truth / |
| Statement of responsibility, etc | by M. K. Gandhi; translated from original in Gujarati by Mahadev desai |
| 250 ## - EDITION STATEMENT | |
| Edition statement | 2nd ed |
| 260 ## - PUBLICATION, DISTRIBUTION, ETC. (IMPRINT) | |
| Name of publisher, distributor, etc | Ahmedabad |
| Place of publication, distribution, etc | Navajivan Publishing |
| Date of publication, distribution, etc | 1959 |
| 270 ## - ADDRESS | |
| City | Ahmedabad |
| 300 ## - PHYSICAL DESCRIPTION | |
| Extent | xvi,392p. |
| Dimensions | 21cm(Hb) |
| 500 ## - GENERAL NOTE | |
| General note | Includes index<br/> |
| 650 ## - SUBJECT ADDED ENTRY--TOPICAL TERM | |
| Topical term or geographic name as entry element | Gandhi, -- Mahatma, -- 1869-1948 |
| 9 (RLIN) | 102156 |
| 650 ## - SUBJECT ADDED ENTRY--TOPICAL TERM | |
| Topical term or geographic name as entry element | Statesmen -- India -- Biography |
| 9 (RLIN) | 10868 |
| 700 ## - ADDED ENTRY--PERSONAL NAME | |
| Personal name | Desai, Mahadev |
| 9 (RLIN) | 30733 |
| 942 ## - ADDED ENTRY ELEMENTS (KOHA) | |
| Source of classification or shelving scheme | Dewey Decimal Classification |
| Koha item type | English Books |
| Classification part | 921 |
| Call number suffix | GAN |
| Withdrawn status | Lost status | Source of classification or shelving scheme | Damaged status | Not for loan | Home library | Current library | Date acquired | Source of acquisition | Cost, normal purchase price | Total Checkouts | Total Renewals | Full call number | Barcode | Date last seen | Date checked out | Copy number | Cost, replacement price | Price effective from | Koha item type |
|---|---|---|---|---|---|---|---|---|---|---|---|---|---|---|---|---|---|---|---|
| Dewey Decimal Classification | Andrews Gunj | Andrews Gunj | 13/07/2015 | Cen Lib/Ret | 0.00 | 9 | 4 | 921 GAN | 396910 | 10/11/2025 | 18/10/2025 | 1 | 0.00 | 13/07/2015 | English Books |
